[Event "Philadelphia International"]
[Site "Philadelphia"]
[Date "2012.06.29"]
[Round "1.7"]
[White "Gokhale, Chandrashekar"]
[Black "Evdokimov, Alexander"]
[Result "0-1"]
[WhiteElo "2218"]
[BlackElo "2544"]
[PlyCount "94"]
[EventDate "2012.07.??"]
[EventType "swiss"]
[EventRounds "9"]
[EventCountry "USA"]
[Source "MonRoi"]

1. Nf3 g6 2. d4 Nf6 3. Bg5 Bg7 4. Nbd2 O-O 5. e4 d6 6. c3 b6 7. Bc4 Bb7 8. Qe2
c5 9. dxc5 bxc5 10. O-O Nbd7 11. Rfd1 Qc7 12. h3 Rab8 13. Qe3 Ba8 14. Rab1 Qc6
15. Re1 Nb6 16. Bf1 Rfe8 17. Bh6 Nxe4 18. Bxg7 Nxd2 19. Qxd2 Kxg7 20. Qf4 Qa4
21. c4 Nd7 22. Ng5 Nf6 23. a3 Rb3 24. Be2 Qa5 25. Kf1 Qb6 26. Qc1 h6 27. Nf3
Be4 28. Nd2 Bxb1 29. Nxb3 Qxb3 30. Qxb1 Rb8 31. Bd3 Qxb2 32. Qxb2 Rxb2 33. Rxe7
Rb3 34. Ke2 Rxa3 35. Rc7 Kf8 36. g3 Ra2+ 37. Ke3 a5 38. Ra7 a4 39. Bb1 Rb2 40.
Bd3 Ra2 41. Bb1 Ra1 42. Bc2 a3 43. Bb3 h5 44. Kd3 h4 45. gxh4 Rh1 46. Ke3 Rxh3+
47. f3 Ng4+ 0-1

[Event "Philadelphia International"]
[Site "Philadelphia"]
[Date "2012.06.29"]
[Round "1.9"]
[White "Wang, Kevin"]
[Black "Venkatesh, Marani"]
[Result "0-1"]
[WhiteElo "2171"]
[BlackElo "2517"]
[PlyCount "120"]
[EventDate "2012.07.??"]
[EventType "swiss"]
[EventRounds "9"]
[EventCountry "USA"]
[Source "MonRoi"]

1. d4 Nf6 2. c4 e6 3. Nc3 Bb4 4. e3 O-O 5. Nge2 d5 6. a3 Be7 7. cxd5 exd5 8.
Nf4 c6 9. Bd3 a5 10. O-O Na6 11. f3 Nc7 12. Bc2 c5 13. Kh1 b6 14. b3 Ba6 15.
Re1 Bd6 16. Nfe2 Re8 17. e4 Bxe2 18. Rxe2 cxd4 19. Qxd4 Be5 20. Qd2 Nb5 21. Bb2
Nxc3 22. Bxc3 d4 23. f4 dxc3 24. Qxd8 Raxd8 25. fxe5 Rxe5 26. Re3 Rc5 27. h3
Rd2 28. Rc1 g6 29. b4 axb4 30. axb4 Rc4 31. Bb3 Rxb4 32. Rcxc3 Nxe4 33. Rc8+
Kg7 34. Rc7 Rf2 35. Bd5 Rf4 36. Rb7 Nc5 37. Rc7 Rbd4 38. Bf3 Rd7 39. Rc6 Rf6
40. Rc8 h5 41. Ree8 Rfd6 42. Rb8 Na6 43. Rbc8 Rc7 44. Ra8 b5 45. Re5 Rb6 46.
Be2 Nc5 47. Ra5 Kf6 48. Rd5 Ke6 49. Bf3 h4 50. Kg1 f5 51. Kf2 g5 52. g3 hxg3+
53. Kxg3 Kf6 54. Kg2 Ne6 55. Rdxb5 Rxb5 56. Rxb5 Rc3 57. Rb6 Ke5 58. Rb5+ Kf4
59. Rb4+ Ke3 60. h4 Nf4+ 0-1

[Event "Philadelphia International"]
[Site "Philadelphia"]
[Date "2012.06.29"]
[Round "1.12"]
[White "Zapata, Alonso"]
[Black "Pratyusha, Bodda"]
[Result "1/2-1/2"]
[WhiteElo "2484"]
[BlackElo "2123"]
[PlyCount "49"]
[EventDate "2012.07.??"]
[EventType "swiss"]
[EventRounds "9"]
[EventCountry "USA"]
[Source "MonRoi"]

1. e4 e5 2. Nf3 Nc6 3. Bb5 Nf6 4. O-O Nxe4 5. d4 Nd6 6. Bxc6 dxc6 7. dxe5 Nf5
8. Qxd8+ Kxd8 9. Nc3 Ke8 10. h3 h5 11. b3 Be7 12. Bb2 Be6 13. Rad1 Rd8 14. Ne2
c5 15. c4 g5 16. Nd2 Kd7 17. g4 hxg4 18. hxg4 Nh4 19. f3 Kc6 20. Kf2 Ng6 21.
Ke3 Rh3 22. Bc3 Nh4 23. Ng1 Rh2 24. Rf2 Rh1 25. Rdf1 1/2-1/2

[Event "Philadelphia International"]
[Site "Philadelphia"]
[Date "2012.06.29"]
[Round "1.13"]
[White "Patil, Anuprita"]
[Black "Chakkravarthy, Deepan"]
[Result "0-1"]
[WhiteElo "2101"]
[BlackElo "2461"]
[PlyCount "54"]
[EventDate "2012.07.??"]
[EventType "swiss"]
[EventRounds "9"]
[EventCountry "USA"]
[Source "MonRoi"]

1. Nf3 g6 2. g3 Bg7 3. d4 f5 4. Bg2 Nf6 5. c4 O-O 6. Nc3 d6 7. O-O c6 8. Qc2
Nh5 9. e3 e5 10. dxe5 dxe5 11. b3 Qe7 12. Bb2 Na6 13. Rad1 Be6 14. Rd2 Nb4 15.
Qb1 e4 16. Nd4 Nd3 17. Nxe6 Qxe6 18. Ba1 Rae8 19. Rfd1 g5 20. Nb5 Qh6 21. Bxg7
Nxg7 22. Nd4 Qh5 23. Nc2 Rf6 24. Ne1 Ne5 25. Rd6 Rxd6 26. Rxd6 Qe2 27. Bf1 Qxe1
0-1

[Event "Philadelphia International"]
[Site "Philadelphia"]
[Date "2012.06.29"]
[Round "1.14"]
[White "Ludwig, Daniel"]
[Black "Prieto, Ernesto"]
[Result "1-0"]
[WhiteElo "2456"]
[BlackElo "2100"]
[PlyCount "71"]
[EventDate "2012.07.??"]
[EventType "swiss"]
[EventRounds "9"]
[EventCountry "USA"]
[Source "MonRoi"]

1. d4 Nf6 2. c4 g6 3. Nc3 d5 4. Bf4 Bg7 5. e3 O-O 6. Rc1 c6 7. Nf3 Qa5 8. Nd2
Nbd7 9. Be2 Re8 10. Nb3 Qb6 11. cxd5 Nxd5 12. Nxd5 cxd5 13. O-O e5 14. Bg3 Nf8
15. Bxe5 Bxe5 16. dxe5 Rxe5 17. Bf3 Bf5 18. Qd4 Qf6 19. Bxd5 Rd8 20. f4 Rdxd5
21. fxe5 Qd8 22. Qxa7 Qg5 23. Rce1 Be4 24. Rf2 Rxe5 25. Nd2 Ne6 26. Nxe4 Rxe4
27. Qxb7 f5 28. Rc2 Qh4 29. g3 Qg5 30. Rc8+ Nf8 31. a4 Re7 32. Qb8 Rf7 33. a5
Qf6 34. Qb6 Qe5 35. a6 Qe7 36. Ra1 1-0

[Event "Philadelphia International"]
[Site "Philadelphia"]
[Date "2012.06.29"]
[Round "1.16"]
[White "Ippolito, Dean"]
[Black "Acosta, Mariano"]
[Result "1-0"]
[WhiteElo "2432"]
[BlackElo "2086"]
[PlyCount "41"]
[EventDate "2012.07.??"]
[EventType "swiss"]
[EventRounds "9"]
[EventCountry "USA"]
[Source "MonRoi"]

1. d4 d5 2. c4 Bf5 3. cxd5 Bxb1 4. Qa4+ c6 5. Rxb1 Qxd5 6. Nf3 Nd7 7. b4 e5 8.
dxe5 Nxe5 9. b5 O-O-O 10. Qc2 Ne7 11. e4 Nxf3+ 12. gxf3 Qd7 13. Be3 g6 14. bxc6
Nxc6 15. Bb5 Bg7 16. O-O Rhe8 17. Rfc1 Re6 18. Qa4 a6 19. Bxc6 Rxc6 20. Rxc6+
Qxc6 21. Rc1 1-0

[Event "Philadelphia International"]
[Site "Philadelphia"]
[Date "2012.06.29"]
[Round "1.17"]
[White "Ulrich, Thomas"]
[Black "Sachdev, Tania"]
[Result "1/2-1/2"]
[WhiteElo "2086"]
[BlackElo "2417"]
[PlyCount "54"]
[EventDate "2012.07.??"]
[EventType "swiss"]
[EventRounds "9"]
[EventCountry "USA"]
[Source "MonRoi"]

1. d4 Nf6 2. c4 e6 3. Nc3 Bb4 4. e3 O-O 5. Bd3 d5 6. Nf3 c5 7. O-O Nc6 8. a3
Bxc3 9. bxc3 Qc7 10. Bb2 dxc4 11. Bxc4 Rd8 12. Qe2 e5 13. h3 Bf5 14. Bb5 exd4
15. cxd4 cxd4 16. Nxd4 Nxd4 17. Bxd4 Ne4 18. Qb2 f6 19. Rac1 Qe7 20. Qb4 Nd6
21. Bc4+ Be6 22. Bxe6+ Qxe6 23. Rc7 Rd7 24. Rfc1 Qf7 25. Qa5 Ne8 26. R7c2 a6
27. Bb6 Qe6 1/2-1/2

[Event "Philadelphia International"]
[Site "Philadelphia"]
[Date "2012.06.29"]
[Round "1.21"]
[White "Sarkar, Justin"]
[Black "Wheeler, Cameron"]
[Result "1-0"]
[WhiteElo "2411"]
[BlackElo "2066"]
[PlyCount "69"]
[EventDate "2012.07.??"]
[EventType "swiss"]
[EventRounds "9"]
[EventCountry "USA"]
[Source "MonRoi"]

1. d4 d5 2. c4 c6 3. Nf3 Nf6 4. Nc3 e6 5. Bg5 h6 6. Bh4 dxc4 7. e4 g5 8. Bg3 b5
9. Be2 Bb7 10. h4 g4 11. Ne5 h5 12. O-O Nbd7 13. Qc2 Nb6 14. Rad1 a6 15. f3 Be7
16. fxg4 hxg4 17. Nxf7 Kxf7 18. e5 Nbd5 19. exf6 Bd6 20. Ne4 Bxg3 21. Ng5+ Ke8
22. Qg6+ Kd7 23. Qg7+ Kc8 24. Nf7 Bh2+ 25. Kxh2 Qc7+ 26. Ne5 Qxg7 27. fxg7 Rg8
28. Rf7 Ne3 29. h5 g3+ 30. Kg1 c5 31. d5 Nxd1 32. h6 Kb8 33. Nc6+ Bxc6 34. h7
Rc8 35. g8=Q 1-0

[Event "Philadelphia International"]
[Site "Philadelphia"]
[Date "2012.06.29"]
[Round "1.23"]
[White "Kaufman, Lawrence"]
[Black "Nahutin, Yevgeni"]
[Result "1-0"]
[WhiteElo "2380"]
[BlackElo "1999"]
[PlyCount "109"]
[EventDate "2012.07.??"]
[EventType "swiss"]
[EventRounds "9"]
[EventCountry "USA"]
[Source "MonRoi"]

1. d4 f5 2. Bg5 Nf6 3. Bxf6 exf6 4. e3 d5 5. Bd3 g6 6. Nc3 Bg7 7. Nh3 Be6 8.
Nf4 Bf7 9. Qf3 c6 10. h4 h5 11. Rh3 Bh6 12. Rg3 Bxf4 13. Qxf4 Nd7 14. O-O-O Nf8
15. Rh3 Qb8 16. Ne2 Ne6 17. Qxb8+ Rxb8 18. g3 Rd8 19. Nf4 Kd7 20. f3 Kc7 21.
Nxe6+ Bxe6 22. Rh2 Bf7 23. Kd2 Rde8 24. Rg1 Reg8 25. Rf2 Be6 26. Re1 Re8 27. e4
fxe4 28. fxe4 dxe4 29. Rxe4 f5 30. Re5 Bd7 31. Rfe2 Rxe5 32. Rxe5 Re8 33. Ke3
Kd6 34. Rxe8 Bxe8 35. Kf4 Kd5 36. c3 a5 37. Kg5 Ke6 38. Bc4+ Ke7 39. Bb3 b6 40.
a4 c5 41. Ba2 cxd4 42. cxd4 Bxa4 43. Kxg6 Bd1 44. Kxf5 Kd6 45. Bc4 Bf3 46. Kf4
Bd1 47. Ke3 Kc6 48. Be2 Bxe2 49. Kxe2 Kd5 50. g4 hxg4 51. h5 Ke6 52. d5+ Kf6
53. h6 b5 54. h7 Kg7 55. d6 1-0

[Event "Philadelphia International"]
[Site "Philadelphia"]
[Date "2012.06.29"]
[Round "1.27"]
[White "Helfst, Matt"]
[Black "Rout, Padmini"]
[Result "0-1"]
[WhiteElo "1930"]
[BlackElo "2345"]
[PlyCount "44"]
[EventDate "2012.07.??"]
[EventType "swiss"]
[EventRounds "9"]
[EventCountry "USA"]
[Source "MonRoi"]

1. Nf3 Nf6 2. c4 g6 3. b3 Bg7 4. Bb2 c5 5. d4 cxd4 6. Nxd4 O-O 7. e3 d5 8. Nf3
Nc6 9. Be2 dxc4 10. Qxd8 Rxd8 11. Bxc4 Nb4 12. Na3 a6 13. O-O b5 14. Be2 Bb7
15. Bc3 Nfd5 16. Bxg7 Kxg7 17. Rfb1 Nc3 18. Rb2 Rac8 19. h3 Rd6 20. Kf1 Rcd8
21. Nc2 Bxf3 22. Bxf3 Nd3 0-1

[Event "Philadelphia International"]
[Site "Philadelphia"]
[Date "2012.06.29"]
[Round "2.1"]
[White "Gupta, Abhijeet"]
[Black "Sarkar, Justin"]
[Result "1-0"]
[WhiteElo "2644"]
[BlackElo "2411"]
[PlyCount "77"]
[EventDate "2012.07.??"]
[EventType "swiss"]
[EventRounds "9"]
[EventCountry "USA"]
[Source "MonRoi"]

1. d4 Nf6 2. c4 g6 3. Nc3 d5 4. Bg5 Bg7 5. Bxf6 Bxf6 6. cxd5 c6 7. e4 O-O 8. e5
Bg7 9. Bc4 b5 10. Bb3 b4 11. Nce2 cxd5 12. Nf4 e6 13. Nf3 Ba6 14. h4 Nc6 15. h5
Rc8 16. hxg6 hxg6 17. Qd2 Qe7 18. Nd3 Bxd3 19. Qxd3 Na5 20. Kf1 Nc4 21. Rb1 f5
22. g3 g5 23. Kg2 g4 24. Ng1 Kf7 25. Ne2 Rh8 26. Nf4 Qb7 27. Rh5 Rxh5 28. Nxh5
Rh8 29. Rh1 Bh6 30. Nf4 Qa8 31. Nxe6 Kxe6 32. Rh5 Qf8 33. Bxc4 dxc4 34. Qxc4+
Kd7 35. e6+ Ke7 36. d5 Bg7 37. Qc7+ Kf6 38. e7 Qxe7 39. Rxf5+ 1-0

[Event "Philadelphia International"]
[Site "Philadelphia"]
[Date "2012.06.29"]
[Round "2.3"]
[White "Jankovic, Alojzije"]
[Black "Kaufman, Lawrence"]
[Result "1-0"]
[WhiteElo "2564"]
[BlackElo "2380"]
[PlyCount "105"]
[EventDate "2012.07.??"]
[EventType "swiss"]
[EventRounds "9"]
[EventCountry "USA"]
[Source "MonRoi"]
[TimeControl "6000+540"]
[WhiteClock "0:32:48"]
[BlackClock "0:15:28"]

1. d4 Nf6 2. c4 g6 3. Nc3 d5 4. Nf3 Bg7 5. Qa4+ Bd7 6. Qb3 dxc4 7. Qxc4 O-O 8.
Bf4 c6 9. e4 Be6 10. Qa4 h6 11. Be2 Nbd7 12. O-O Nb6 13. Qc2 Bc4 14. a4 Bxe2
15. Qxe2 a5 16. Rad1 Qc8 17. Rfe1 Kh7 18. h3 Re8 19. Qc2 Nfd7 20. Qb3 e6 21.
Bd6 Ra6 22. Rc1 Qd8 23. Red1 Nc8 24. Qxb7 Rb6 25. Qc7 Nxd6 26. Qxd6 c5 27. Qf4
cxd4 28. Nb5 Qe7 29. Qd2 Nc5 30. Nfxd4 e5 31. Nc2 Ra8 32. Ne3 Nb3 33. Qd5 Nxc1
34. Qxa8 Qc5 35. Qxa5 Ne2+ 36. Kh2 Nd4 37. Qc3 Rc6 38. Qxc5 Rxc5 39. Nc3 Bf8
40. Ned5 Kg7 41. b4 Rc4 42. Rb1 f5 43. f3 Nc6 44. b5 Ne7 45. a5 Nxd5 46. Nxd5
fxe4 47. Nb6 Rc2 48. fxe4 Ra2 49. Nd7 Rxa5 50. b6 Be7 51. b7 Bd6 52. Rb6 Bc7
53. Rc6 1-0

[Event "Philadelphia International"]
[Site "Philadelphia"]
[Date "2012.06.29"]
[Round "2.4"]
[White "Bartell, Thomas"]
[Black "Bosiocici, Marin"]
[Result "0-1"]
[WhiteElo "2369"]
[BlackElo "2555"]
[PlyCount "84"]
[EventDate "2012.07.??"]
[EventType "swiss"]
[EventRounds "9"]
[EventCountry "USA"]
[Source "MonRoi"]
[TimeControl "6000+1025"]
[WhiteClock "0:27:19"]
[BlackClock "0:46:52"]

1. d4 d5 2. c4 c6 3. Nf3 Nf6 4. e3 Bg4 5. Nc3 e6 6. Qb3 Qb6 7. Nh4 Nbd7 8. h3
Bh5 9. g4 Bg6 10. Nxg6 hxg6 11. Bg2 g5 12. Bd2 Be7 13. O-O-O O-O-O 14. Kb1 Kb8
15. Bc1 dxc4 16. Qxc4 Nd5 17. Ne2 Qc7 18. a3 c5 19. dxc5 N7b6 20. Qc2 Bxc5 21.
Rd3 Rc8 22. Rhd1 Qh2 23. Bxd5 exd5 24. Nc3 Qxh3 25. Qe2 Rh4 26. f3 Qg3 27. Rf1
Rh2 28. Qd1 Nc4 29. Ka1 Qg2 30. Rg1 Qc2 31. Qxc2 Rxc2 32. Nxd5 Ne5 33. Rc3 Rxc3
34. Nxc3 Nxf3 35. Rg3 Ne5 36. e4 f6 37. Kb1 Rh8 38. b4 Bb6 39. Nd5 Bd4 40. Ne7
Rh1 41. Nf5 Bf2 42. Rg2 Nd3 0-1

[Event "Philadelphia International"]
[Site "Philadelphia"]
[Date "2012.06.29"]
[Round "2.7"]
[White "Chan, James"]
[Black "Gujrathi, Vidit"]
[Result "0-1"]
[WhiteElo "2021"]
[BlackElo "2528"]
[PlyCount "66"]
[EventDate "2012.07.??"]
[EventType "swiss"]
[EventRounds "9"]
[EventCountry "USA"]
[Source "MonRoi"]

1. e4 c5 2. Nf3 d6 3. d4 cxd4 4. Nxd4 Nf6 5. Nc3 Nc6 6. Bg5 e6 7. Qd2 a6 8.
O-O-O Bd7 9. f3 b5 10. Nxc6 Bxc6 11. Ne2 Be7 12. h4 Rc8 13. Kb1 Bb7 14. Nd4 O-O
15. g4 Qc7 16. Bd3 Rfd8 17. h5 d5 18. e5 Ne4 19. fxe4 dxe4 20. Bxe7 Rxd4 21.
Bd6 Qd8 22. Rhg1 exd3 23. cxd3 Bf3 24. Qe3 Rxd6 25. Qxf3 Rd5 26. Rgf1 Rc7 27.
Qe3 Rcd7 28. Qf4 Rd4 29. Qf3 h6 30. a3 a5 31. Rf2 b4 32. g5 hxg5 33. h6 gxh6
0-1

[Event "Philadelphia International"]
[Site "Philadelphia"]
[Date "2012.06.29"]
[Round "2.8"]
[White "Venkatesh, Marani"]
[Black "Bodek, Michael"]
[Result "1/2-1/2"]
[WhiteElo "2517"]
[BlackElo "2324"]
[PlyCount "54"]
[EventDate "2012.07.??"]
[EventType "swiss"]
[EventRounds "9"]
[EventCountry "USA"]
[Source "MonRoi"]

1. Nf3 Nf6 2. g3 d5 3. c4 e6 4. b3 Be7 5. Bb2 c5 6. Bg2 Nc6 7. O-O O-O 8. e3
Re8 9. Qe2 d4 10. d3 e5 11. Nbd2 Bf8 12. e4 g6 13. h3 a6 14. Kh2 Nh5 15. Ne1
Bd6 16. Nc2 Be6 17. Bc1 b5 18. Nf3 f6 19. Nh4 Bf7 20. Bh6 Rb8 21. Bf3 Ng7 22.
Bg4 bxc4 23. bxc4 f5 24. Bf3 f4 25. Bg4 Ne6 26. Nf3 Rb2 27. Rfb1 Qb6 1/2-1/2

[Event "Philadelphia International"]
[Site "Philadelphia"]
[Date "2012.06.29"]
[Round "2.9"]
[White "Ostrovskiy, Aleksandr"]
[Black "Nikhil, Shyam"]
[Result "0-1"]
[WhiteElo "2322"]
[BlackElo "2502"]
[PlyCount "82"]
[EventDate "2012.07.??"]
[EventType "swiss"]
[EventRounds "9"]
[EventCountry "USA"]
[Source "MonRoi"]

1. e4 c5 2. Nf3 d6 3. d4 cxd4 4. Nxd4 Nf6 5. Nc3 a6 6. Be3 e5 7. Nf3 Qc7 8. a4
Be6 9. a5 Nbd7 10. Nd5 Qc6 11. Nxf6+ Nxf6 12. Ng5 Bd7 13. f3 h6 14. Nh3 Bxh3
15. gxh3 d5 16. exd5 Nxd5 17. Bd2 Be7 18. Bd3 Bh4+ 19. Kf1 O-O 20. Qe2 Qe6 21.
Kg2 Bg5 22. Rhe1 Bxd2 23. Qxd2 Nf4+ 24. Qxf4 exf4 25. Rxe6 fxe6 26. Ra4 Rad8
27. Rb4 Rf7 28. Rb6 Re7 29. b4 Kf7 30. h4 h5 31. Kf1 Kf6 32. Kg2 Rd4 33. Kh3
Ke5 34. Be4 Rxe4 35. fxe4 Kxe4 36. b5 axb5 37. Rxb5 e5 38. Kg2 Ke3 39. Kf1 e4
40. Rxh5 Rd7 41. Ke1 f3 0-1

[Event "Philadelphia International"]
[Site "Philadelphia"]
[Date "2012.06.29"]
[Round "2.11"]
[White "Chakkravarthy, Deepan"]
[Black "Perez, Robert"]
[Result "1-0"]
[WhiteElo "2461"]
[BlackElo "2314"]
[PlyCount "29"]
[EventDate "2012.07.??"]
[EventType "swiss"]
[EventRounds "9"]
[EventCountry "USA"]
[Source "MonRoi"]

1. d4 Nf6 2. c4 g6 3. Nc3 d5 4. Nf3 Bg7 5. cxd5 Nxd5 6. Bd2 Nxc3 7. Bxc3 c5 8.
d5 Bxc3+ 9. bxc3 O-O 10. Qd2 Qd6 11. e4 e6 12. Qh6 f6 13. e5 Qxd5 14. exf6 Nd7
15. Qg7# 1-0

[Event "Philadelphia International"]
[Site "Philadelphia"]
[Date "2012.06.29"]
[Round "2.12"]
[White "Mohota, Nisha"]
[Black "Ludwig, Daniel"]
[Result "1/2-1/2"]
[WhiteElo "2321"]
[BlackElo "2456"]
[PlyCount "127"]
[EventDate "2012.07.??"]
[EventType "swiss"]
[EventRounds "9"]
[EventCountry "USA"]
[Source "MonRoi"]

1. c4 e5 2. Nc3 Nc6 3. Nf3 g6 4. g3 Bg7 5. Bg2 f5 6. d3 d6 7. Rb1 Nf6 8. O-O
O-O 9. b4 h6 10. b5 Ne7 11. Qb3 Be6 12. a4 b6 13. Ba3 Rc8 14. Ne1 g5 15. Nc2
Qe8 16. Nb4 Qh5 17. Qd1 f4 18. Nbd5 Nexd5 19. cxd5 Bh3 20. f3 Bxg2 21. Kxg2 g4
22. Qe1 Rf7 23. Rc1 Rcf8 24. Kh1 Qh3 25. Ne4 Nxe4 26. dxe4 h5 27. Rg1 Bh6 28.
Rc3 h4 29. gxf4 g3 30. Rg2 Bxf4 31. Bc1 Rg7 32. Bxf4 Rxf4 33. Rc1 Rf6 34. Qg1
Rfg6 35. Qe3 Kh7 36. f4 exf4 37. Qxf4 Qg4 38. e3 Re7 39. hxg3 hxg3 40. Qxg4
Rxg4 41. Rgc2 Rexe4 42. Rxc7+ Kg6 43. Kg2 Rxe3 44. Rxa7 Rd4 45. Ra8 Rd2+ 46.
Kg1 Rxd5 47. Rb8 Ra3 48. Rxb6 Rxa4 49. Rb8 Rb4 50. Rg8+ Kf7 51. Rxg3 Rbxb5 52.
Rf3+ Ke6 53. Re1+ Kd7 54. Kf2 Rh5 55. Rf7+ Kc6 56. Rc1+ Rbc5 57. Rxc5+ dxc5 58.
Ke3 Rd5 59. Rf2 c4 60. Rd2 Rh5 61. Kd4 Rh4+ 62. Kc3 Kc5 63. Rd8 Rh3+ 64. Kc2
1/2-1/2

[Event "Philadelphia International"]
[Site "Philadelphia"]
[Date "2012.06.29"]
[Round "2.14"]
[White "Vazquez, Raul"]
[Black "Ippolito, Dean"]
[Result "1/2-1/2"]
[WhiteElo "2287"]
[BlackElo "2432"]
[PlyCount "80"]
[EventDate "2012.07.??"]
[EventType "swiss"]
[EventRounds "9"]
[EventCountry "USA"]
[Source "MonRoi"]

1. e4 c6 2. Nc3 d5 3. Nf3 Bg4 4. d4 dxe4 5. Nxe4 Nd7 6. Bc4 e6 7. c3 Ngf6 8.
Ng3 Bd6 9. h3 Bxf3 10. Qxf3 Qc7 11. Bb3 O-O 12. O-O Rfe8 13. Bg5 h6 14. Bxf6
Nxf6 15. Ne4 Nxe4 16. Qxe4 Rad8 17. Rfe1 Bf8 18. Rad1 g6 19. Rd3 Bg7 20. Red1
b5 21. Qf3 Rd6 22. Qe4 Red8 23. a3 Qb6 24. Bc2 a5 25. b4 Qc7 26. Bb3 Ra8 27.
Qe2 axb4 28. axb4 Ra3 29. Qb2 Ra7 30. Re3 Qd8 31. Ree1 Rad7 32. Qe2 Kh7 33. Bc2
Qg5 34. Qe3 Qd8 35. Qe2 Kh8 36. Bb3 f5 37. Kf1 Qf6 38. Kg1 Qd8 39. Kf1 Qf6 40.
Kg1 Qd8 1/2-1/2

[Event "Philadelphia International"]
[Site "Philadelphia"]
[Date "2012.06.29"]
[Round "2.17"]
[White "Jayakumar, Adarsh"]
[Black "Garcia, Gildardo"]
[Result "1-0"]
[WhiteElo "2267"]
[BlackElo "2414"]
[PlyCount "75"]
[EventDate "2012.07.??"]
[EventType "swiss"]
[EventRounds "9"]
[EventCountry "USA"]
[Source "MonRoi"]

1. d4 d5 2. c4 e5 3. dxe5 d4 4. Nf3 Nc6 5. g3 Bg4 6. Bg2 Qd7 7. a3 Nge7 8. b4
O-O-O 9. Nbd2 Ng6 10. Bb2 Ncxe5 11. O-O h5 12. h4 Be7 13. Nxd4 Bh3 14. e3 Bxh4
15. gxh4 Nxh4 16. Be4 f5 17. Bd5 f4 18. exf4 Nd3 19. Bc3 Nxf4 20. Be4 Rhe8 21.
Re1 Re5 22. Bxb7+ Kxb7 23. Rxe5 Bg2 24. Re3 Nh3+ 25. Kh2 Nxf2 26. Qxh5 Qd6+ 27.
Kg1 Qf4 28. Ne6 Qxe3 29. Nxd8+ Kc8 30. Qxh4 Ne4+ 31. Kxg2 Qe2+ 32. Kg1 Qe3+ 33.
Kf1 Qd3+ 34. Ke1 Nxc3 35. Qg4+ Kxd8 36. Qf3 Qd4 37. Rc1 Qg1+ 38. Nf1 1-0

[Event "Philadelphia International"]
[Site "Philadelphia"]
[Date "2012.06.29"]
[Round "2.18"]
[White "Battaglini, Gabriel"]
[Black "Aaron, Deepak"]
[Result "1-0"]
[WhiteElo "2412"]
[BlackElo "2263"]
[PlyCount "59"]
[EventDate "2012.07.??"]
[EventType "swiss"]
[EventRounds "9"]
[EventCountry "USA"]
[Source "MonRoi"]

1. d4 d5 2. c4 c6 3. Nc3 Nf6 4. e3 a6 5. Nf3 b5 6. c5 g6 7. Bd3 Bg7 8. h3 O-O
9. O-O Nfd7 10. e4 e5 11. dxe5 d4 12. Bg5 Qe8 13. Nxd4 Qxe5 14. Nf3 Qxc5 15.
Rc1 Qb4 16. Qd2 Re8 17. a3 Qf8 18. Rfe1 a5 19. Ne2 Nc5 20. Ned4 h6 21. Be3 Nxe4
22. Qc2 Nd6 23. Bf4 Bb7 24. Ne5 Rc8 25. Nxg6 fxg6 26. Ne6 Qf6 27. Bxd6 Nd7 28.
Bxg6 c5 29. Nxg7 Qxd6 30. Nf5 1-0

[Event "Philadelphia International"]
[Site "Philadelphia"]
[Date "2012.06.29"]
[Round "2.19"]
[White "Nilsson, Martin"]
[Black "Getz, Alec"]
[Result "1/2-1/2"]
[WhiteElo "2197"]
[BlackElo "2321"]
[PlyCount "86"]
[EventDate "2012.07.??"]
[EventType "swiss"]
[EventRounds "9"]
[EventCountry "USA"]
[Source "MonRoi"]

1. c4 Nf6 2. g3 e6 3. Bg2 d5 4. Nf3 dxc4 5. Qa4+ Nbd7 6. Qxc4 c5 7. O-O a6 8.
a4 b5 9. Qc2 Bb7 10. d3 Be7 11. Nc3 b4 12. Nb1 a5 13. b3 Nd5 14. Bb2 Bf6 15.
Nfd2 O-O 16. Nc4 Qc7 17. Bxf6 N7xf6 18. Rc1 Rfd8 19. Ra2 h6 20. Qd2 Qe7 21.
Rac2 e5 22. Ne3 Rac8 23. Nf5 Qf8 24. h3 Kh7 25. Rc4 Rc7 26. Qb2 Re8 27. Nd2 g6
28. Nh4 Nb6 29. R4c2 Nfd5 30. Nhf3 Nc3 31. Rxc3 bxc3 32. Qxc3 Nd5 33. Qb2 f6
34. Nc4 Ra8 35. h4 h5 36. Qd2 Nb4 37. Qb2 Ra6 38. Nfd2 Bxg2 39. Kxg2 Qa8+ 40.
Kh2 Qd5 41. Ne3 Qe6 42. Ne4 Rac6 43. Rc4 Kg7 1/2-1/2

[Event "Philadelphia International"]
[Site "Philadelphia"]
[Date "2012.06.30"]
[Round "3.1"]
[White "Nikhil, Shyam"]
[Black "Gupta, Abhijeet"]
[Result "1/2-1/2"]
[WhiteElo "2502"]
[BlackElo "2644"]
[PlyCount "52"]
[EventDate "2012.07.??"]
[EventType "swiss"]
[EventRounds "9"]
[EventCountry "USA"]
[Source "MonRoi"]
[TimeControl "6000+545"]
[WhiteClock "1:13:21"]
[BlackClock "1:29:57"]

1. e4 c5 2. Nf3 d6 3. Bb5+ Nc6 4. O-O Bd7 5. Re1 a6 6. Bf1 Bg4 7. h3 Bh5 8. d3
e6 9. Nbd2 Nf6 10. g4 Bg6 11. Bg2 Be7 12. Nh4 Nd7 13. Nxg6 hxg6 14. c3 Bg5 15.
Rf1 Bf4 16. d4 O-O 17. Nf3 Bxc1 18. Rxc1 cxd4 19. Nxd4 Qe7 20. Qd2 Rfd8 21.
Rfd1 Nf8 22. g5 Rac8 23. h4 Na5 24. b3 Nc6 25. Ne2 Rc7 26. Qe3 f6 1/2-1/2

[Event "Philadelphia International"]
[Site "Philadelphia"]
[Date "2012.06.30"]
[Round "3.2"]
[White "Chakkravarthy, Deepan"]
[Black "Jankovic, Alojzije"]
[Result "1/2-1/2"]
[WhiteElo "2461"]
[BlackElo "2564"]
[PlyCount "67"]
[EventDate "2012.07.??"]
[EventType "swiss"]
[EventRounds "9"]
[EventCountry "USA"]
[Source "MonRoi"]
[TimeControl "6000+960"]
[WhiteClock "0:03:40"]
[BlackClock "0:10:49"]

1. e4 c5 2. Nf3 Nc6 3. d4 cxd4 4. Nxd4 Nf6 5. Nc3 d6 6. Bg5 e6 7. Qd2 a6 8.
O-O-O Bd7 9. f3 Be7 10. h4 O-O 11. g4 b5 12. Be3 Ne5 13. g5 Nh5 14. f4 b4 15.
Nb1 Ng4 16. Be2 Nxe3 17. Qxe3 Nxf4 18. Qxf4 e5 19. Qf2 exd4 20. Bc4 Rc8 21.
Rxd4 d5 22. Bxa6 Ra8 23. Bb7 Rxa2 24. Bxd5 Ra1 25. Qd2 Qa5 26. Rf1 Be6 27. Bxe6
fxe6 28. Rxf8+ Bxf8 29. Rd8 Qc5 30. Qd4 Qxd4 31. Rxd4 Kf7 32. b3 h6 33. Kb2 Ra5
34. c3 1/2-1/2

[Event "Philadelphia International"]
[Site "Philadelphia"]
[Date "2012.06.30"]
[Round "3.3"]
[White "Bosiocici, Marin"]
[Black "Smith, Bryan"]
[Result "1/2-1/2"]
[WhiteElo "2555"]
[BlackElo "2444"]
[PlyCount "75"]
[EventDate "2012.07.??"]
[EventType "swiss"]
[EventRounds "9"]
[EventCountry "USA"]
[Source "MonRoi"]
[TimeControl "6000+1185"]
[WhiteClock "0:20:22"]
[BlackClock "0:06:01"]

1. d4 Nf6 2. c4 e6 3. Nc3 Bb4 4. a3 Bxc3+ 5. bxc3 c5 6. e3 Nc6 7. Ne2 O-O 8.
Ng3 b6 9. e4 Ne8 10. d5 Na5 11. Bd3 Ba6 12. Qe2 Nb3 13. Rb1 Nxc1 14. Rxc1 e5
15. O-O Qg5 16. f4 exf4 17. Nh5 Qe5 18. Qg4 g6 19. Nxf4 Nd6 20. Qg3 Rae8 21.
Nh5 Nxe4 22. Qxe5 Rxe5 23. Nf6+ Nxf6 24. Rxf6 Re3 25. Rd1 Rfe8 26. Kf2 Kg7 27.
Rf3 Rxf3+ 28. gxf3 Kf6 29. a4 Ke7 30. a5 Kd6 31. axb6 axb6 32. Rb1 Rb8 33. Kg3
Kc7 34. Re1 Bb7 35. Kf4 Kd6 36. Rb1 Kc7 37. Re1 Kd6 38. Rb1 1/2-1/2